00741nam a22001937a 4500003000900000008004100009040007100050082001800121100002800139245005400167260005600221300002700277505017200304650001600476650001100492650001200503650001600515650001600531AR-CdUCM190223b           ||||| |||| 00| 0 spa d  aMUNICIPALIDAD PROVINCIAL DEL CUSCOcBIBLIOTECA MUNICIPAL DEL CUSCO  a370.82 /bL94  aLozano Ríos, Antonio.  aLeoncio Prado, símbolo de la juventud heroica /  aLima :bMinisterio de Educación Pública,c1961.  a61 páginas ;c24 cm.  aInfancia -- Reflexión del extraordinario valor de la niñez de Leoncio Prado -- Epopeya en el Caribe -- Aventura en el lejano Oriente -- La guerra del Pacífico...  aEducación  aPerú  aMilitar  aPatriotismo  aBiografía